000 01345 a2200193 4500
001 29831
005 20260407155608.0
008 260407a1967 arg spa d
003 AR-UNSa-BCEJYS
040 _aAR-UNSa-BCEJYS
_bspa
_cAR-UNSa-BCEJYS
080 _a657.47
_xContabilidad de Costos
245 1 0 _aCostes standard
264 1 _aBarcelona :
_bLabor
_c1967
300 _a577 p.
_c22 cm.
505 _a1. Procedimientos contables y de costes para la industria moderna - 2. Los costes standard y su relación con otras clases de costes - 3. Determinación de las necesidades de la empresa - 4. Organización de la empresa para un control eficaz - 5. Establecimiento de los sistemas de control y planeamiento - 6. Descripción del procedimiento de cálculo - 7. Desarrollo de la formula del precio de coste - 8. Organización de la estructura contable - 9. Elaboración de los presupuestos - 10. Establecimiento de los standards - 11. Retribución del Trabajador - 12. Determinación del coste de los productos - 13. desarrollo de la información corriente relativa a costes - 14. Manejo de los costes en las cuentas - 15. Diferencias en los costes - 16. Estados e informes - 17. Planeamiento de los beneficios - 18. Cuestionario - 19. Problemas.
942 _cBK
590 _aniveau_biblio:m niveau_hierar:0
100 1 _aBennett, Clinton W.
999 _c1962
_d1962